Szegény Misi álma karácsonyi mesejáték

Elmentve itt :
Bibliográfiai részletek
Dokumentumtípus: Cikk
Megjelent: 1939
Sorozat:Gyakorlati pedagógia
Kulcsszavak:Magyar irodalom - dráma
Tárgyszavak:
Online Access:http://acta.bibl.u-szeged.hu/51938
LEADER 00614nab a2200181 i 4500
001 acta51938
005 20250407105031.0
008 180514s1939 hu o 000 hun d
040 |a SZTE Egyetemi Kiadványok Repozitórium  |b hun 
041 |a hun 
245 0 0 |a Szegény Misi álma   |h [elektronikus dokumentum] :  |b karácsonyi mesejáték 
260 |c 1939 
300 |a 520-527 
490 0 |a Gyakorlati pedagógia 
650 4 |a Bölcsészettudományok 
650 4 |a Nyelvek és irodalom 
695 |a Magyar irodalom - dráma 
856 4 0 |u http://acta.bibl.u-szeged.hu/51938/1/gyakorlati_1939_010_012_520-527.pdf  |z Dokumentum-elérés